000 00896nam a2200229 i 4500
001 93853
003 ES-MaACL
005 20240427063118.0
007 t|
008 050421s1948 sp ||||1| spa d
100 1 _aPantorba, Bernardino de,
_d1896-1990
_988829
245 1 0 _aHistoria y crítica de las exposiciones nacionales de bellas artes celebradas en España /
_cBernardino de Pantorba ; prólogo de Eduardo Chicharro.
260 _aMadrid :
_bCompañía Bibliográfica Española,
_c1948.
300 _aXXIII, 564 p., CXVIII lám. ;
_c22 cm.
611 2 4 _aExposición Nacional de Bellas Artes-
_vHistoria.
_9151050
650 4 _aPintura española-
_yS.XIX.
_9143830
650 4 _aPintura española-
_yS.XX.
_916042
700 1 _aChicharro, Eduardo.
_938481
710 2 _aCompañía Bibliográfica Española.
_9171207
852 _aES-MaACL
_jD-7778
999 _c93853
_d93853